Central Library OPAC University of Rajshahi

Spaces of constant curvature / (Record no. 50580)

MARC details
000 -LEADER
fixed length control field 00867nam a2200277 a 4500
001 - CONTROL NUMBER
control field 50580
003 - CONTROL NUMBER IDENTIFIER
rucl marc code BD-RjUL
005 - DATE AND TIME OF LATEST TRANSACTION
control field 20211209075530.0
008 - FIXED-LENGTH DATA ELEMENTS--GENERAL INFORMATION
fixed length control field 160827s1967 nyua b 001 0 eng d
035 ## - SYSTEM CONTROL NUMBER
System control number (BD-RjUL)50700
040 ## - CATALOGING SOURCE
Original cataloging agency BD-RjUL
Language of cataloging eng
Transcribing agency BD-RjUL
041 ## - LANGUAGE CODE
Language code of text/sound track or separate title eng
082 ## - DEWEY DECIMAL CLASSIFICATION NUMBER
Edition number 22
Classification number 516.373
Author mark and year WOS 1967
100 1# - MAIN ENTRY--PERSONAL NAME
Personal name Wolf, Joseph Albert,
Dates associated with a name 1936-
9 (RLIN) 151483
245 10 - TITLE STATEMENT
Title Spaces of constant curvature /
Statement of responsibility, etc. Joseph A. Wolf
260 ## - PUBLICATION, DISTRIBUTION, ETC. (IMPRINT)
Place of publication, distribution, etc. New York :
Name of publisher, distributor, etc. McGraw-Hill,
Date of publication, distribution, etc. 1967
300 ## - PHYSICAL DESCRIPTION
Pagination xv, 408 p. :
Illustrations ill. ;
Size 24 cm
490 1# - SERIES STATEMENT
Series statement McGraw-Hill series in higher mathematics
504 ## - BIBLIOGRAPHY, ETC. NOTE
Bibliography, etc Include bibliography and index
650 #0 - SUBJECT ADDED ENTRY--TOPICAL TERM
Topical term or geographic name as entry element Geometry, Riemannian
9 (RLIN) 151309
Topical term or geographic name as entry element Spaces of constant curvature
9 (RLIN) 151484
Topical term or geographic name as entry element Symmetric spaces
9 (RLIN) 151485
830 #0 - SERIES ADDED ENTRY--UNIFORM TITLE
Uniform title McGraw-Hill series in higher mathematics
942 ## - ADDED ENTRY ELEMENTS (KOHA)
Source of classification or shelving scheme Dewey Decimal Classification
Koha item type Books
Holdings
Lost status Source of classification or shelving scheme Damaged status Not for loan Collection code Permanent Location Current Location Shelving location Date acquired Source of acquisition Cost, normal purchase price Total Checkouts Full call number Date last seen Copy number Koha item type
  Dewey Decimal Classification     Non-fiction Central Library, University of Rajshahi Central Library, University of Rajshahi   07/12/1968 Zeitlinger 116.60   516.373 WOS 1967 27/08/2016 C-2 Books
  Dewey Decimal Classification     Non-fiction Central Library, University of Rajshahi Central Library, University of Rajshahi   07/12/1968 Zeitlinger 116.60   516.373 WOS 1967 27/08/2016 C-3 Books
  Dewey Decimal Classification     Non-fiction Central Library, University of Rajshahi Central Library, University of Rajshahi   07/12/1968 Zeitlinger 116.60   516.373 WOS 1967 27/08/2016 C-4 Books
  Dewey Decimal Classification     Non-fiction Central Library, University of Rajshahi Central Library, University of Rajshahi   07/12/1968 Zeitlinger 116.60   516.373 WOS 1967 27/08/2016 C-5 Books